000 00555nam a2200169 i 4500
001 142582
003 ES-MaACL
005 20230906200550.0
007 t|
008 071008s1911 sp ||||1| spa d
100 1 _aVillalonga Casañes, Francisco de
_9114978
245 1 0 _aEstudio de los accidentes de la primera dentición
_b: tesis /
_cpresentada por Francisco de Villalonga Casañes.
260 _aBarcelona :
_b[s.n.,
_c1911] (
_fImpr. Luis Tasso)
300 _a34 p. ;
_c26 cm.
852 _aES-MaACL
_jT-1315-F-11
999 _c142582
_d142582